000 00304nam a22001337a 4500
008 170324b xxu||||| |||| 00| 0 eng d
020 _a2901885693944
041 _aeng
080 _a615.82
100 _a8
101 _aSHM
245 _aFOUNDATIONS OF SPORT MANAGEMENT
_cGILLENTINE, A
942 _2udc
_cBK
999 _c8601
_d8601